00591nam a22001817a 450000500170000001000150001702000270003203500140005903700130007308200160008624501040010226000600020627000620026630000240032850000190035270000170037170000210038820170531155136.0 aENG-118493 a9789383930081c1695.00 aEN-102025 bDBAD/PUB a320.5320954 aNaxalism in India :cedited by Sanjay Kumar [and] M. Samir Hussainbpresent and future challenges / aNew DelhibG.B. Books Publishers and Distributorsc2015 a4832/24, S-204 Prahlad Lane Ansari Road, New Delhi-110002 axii,234pc23cm.(Hb) aIncludes index aSanjay Kumar aM. Samir Hussain